| 000 | 012670000a22002290004500 | ||
|---|---|---|---|
| 020 | _a0-310-36381-0 / Donación. | ||
| 041 | 0 | _aEng. | |
| 082 | 0 | 4 | _aG 266 G8916c |
| 100 | 1 | _aGrunlan, Stephen A. | |
| 245 | 1 | 0 | _aCultural anthropology : a christian perspective / Stephen A. Grunlan , Marvin K. Mayers |
| 250 | _a2 | ||
| 260 | _aGrand Rapids, Michigan : Academie Books , Zondervan Publishing House | ||
| 300 | _a303 p. | ||
| 505 | 0 | 0 | _aAntropología y misiones -- humanidad, cultura, y sociedad -- la inculturación y la aculturación -- comunicación verbal y no verbal -- la economía y la tecnología -- el rol, el estatus, y la estratificación-- el matrimonio y la familia -- el parentesco -- grupos y comunidades -- el control social y el gobierno -- la religión -- la investigación antropológica -- la autoridad bíblica y la relatividad cultural -- la antropología y la teología |
| 520 | _aExplica la base bíblica y las implicaciones de la disciplina de la antropología cultural en el ministerio, especialmente en misiones transculturales. | ||
| 650 | 1 | 4 | _aANTROPOLOGIA CULTURAL \ MISIONOLOGIA |
| 001 | 17188 | ||
| 942 | _cBK | ||
| 999 |
_c43853 _d43853 |
||
| 336 |
_atexto _btxt _2rdacontent |
||
| 337 |
_2rdamedia _asin mediación _bn |
||
| 338 |
_2rdacarrier _avolumen _bnc |
||